| 000 | 00811cam a2200205 4500 | ||
|---|---|---|---|
| 001 | WS110955 | ||
| 008 | 000000n 000 0 eng u | ||
| 035 | _a(Sirsi) u110955 | ||
| 245 | _aManagement First | ||
| 520 | _aSite which provides management articles and expertise on a range of topics including business management, workplace leadership styles, e-commerce, training and development, time management and global marketing strategies. | ||
| 650 | _aMANAGEMENT | ||
| 650 | _aE-COMMERCE | ||
| 650 | _aCAREERS, EDUCATION AND TRAINING | ||
| 650 | _aTIME MANAGEMENT | ||
| 650 | _aMARKETING | ||
| 650 |
_aManagement consultancy _96255 |
||
| 690 | _aMANAGEMENT-BUSINESS MANAGEMENT | ||
| 856 | 4 | 0 |
_uhttps://www.managementfirst.com _zView the website free of charge at www.managementfirst.com... |
| 942 | _n0 | ||
| 999 |
_c119782 _d119782 |
||